The Translating Quiz - Statistics

General Stats
  • This quiz has been taken 86 times
  • The average score is 5 of 7
Answer Stats
Language Foreign English % Correct
French déjà ever
89%
French pauvres poor
76%
Latin nemo nobody
71%
Dutch heeft has
69%
Latin donare giving
67%
German werden become
64%
Italian per by
63%
No matching quizzes found
Score Distribution
Percent of People with Each Score
Percentile by Number Answered
Your Score History
You have not taken this quiz